000 00302 a2200121 4500
000 nam a22 7a 4500
005 20260306112150.0
020 _a9781266934711
100 _aM. Hoefnagels
_91123641
245 _aBiology: Concepts and Investigations
260 _bMcGraw Hill
_c2024
942 _cTEXL
999 _c1688482
_d1688482